Selección teórica de absorbentes potenciales naturales de bajo costo para la remoción de arsénico en el agua de consumo humano en Costa Rica (Registro nro. 9441)

Detalles MARC
000 -Líder
fixed length control field 00718nam a22001937a 4500
005 - Fecha y hora de la última transacción
Campo de control 20170523121518.0
008 - Elementos de longitud fija--Información general
Campo de control de longitud fija 160506b xxu||||| |||| 00| 0 spa d
022 ## - Número Internacional de Publicaciones Seriadas
Número Internacional de Publicaciones Seriadas (ISSN) 03793982
082 ## - Clasificación Decimal Dewey
Número de clasificación Tecnología en Marcha Vol 29, Octubre 2016
245 ## - Título propiamente dicho
Título Selección teórica de absorbentes potenciales naturales de bajo costo para la remoción de arsénico en el agua de consumo humano en Costa Rica
260 ## - PUBLICACIÓN, DISTRIBUCIÓN, ETC.
Lugar de publicación Costa Rica
Editorial Editorial Tecnológica de Costa Rica
Año de publicación 2016
440 ## - Declaración de serie/asiento adicional--título
Título de la serie Tecnología en Marcha
650 ## - Materia general
Temática (materia general) COSTA RICA
650 ## - Materia general
Temática (materia general) ARSÉNICO
650 ## - Materia general
Temática (materia general) TRATAMIENTO DE AGUA
650 ## - Materia general
Temática (materia general) ABSORCIÓN
650 ## - Materia general
Temática (materia general) ABSORBENTES NATURALES
942 ## - Punto de acceso adicional KOHA
Punto de acceso adicional KOHA Revista

No hay ítems disponibles.